Statistics for Largest Colleges in the Boston Area

Click here to take the quiz!

General Stats

  • This quiz has been taken 164 times
  • The average score is 7 of 10

Answer Stats

EnrollmentLocationTypeYear FoundedCollege% Correct
21,000CambridgePrivate1636Harvard University
100%
33,106BostonPrivate1839Boston University
96%
14,621NewtonPrivate1863Boston College
95%
10,229CambridgePrivate1861Massachusetts Institute of Technology
89%
24,434BostonPrivate1898Northeastern University
80%
10,252MedfordPrivate1852Tufts University
76%
16,847BostonPublic1964University of Massachusetts Boston
43%
7,560BostonPrivate1906Suffolk University
36%
7,003CambridgePrivate1909Lesley University
23%
8,806BostonPublic1973Bunker Hill Community College
15%

Score Distribution

Percentile by Number Answered

Percent of People with Each Score

Your Score History

You have not taken this quiz